[Event "Titled Tue 20th Feb Early"]
[Site "chess.com INT"]
[Date "2024.02.20"]
[Round "10"]
[White "Nakamura, Hi"]
[Black "Zhigalko, S."]
[Result "1-0"]
[WhiteElo "2788"]
[BlackElo "2572"]
[PlyCount "65"]
[EventDate "2024.02.20"]

1. h3 d5 2. Nf3 c5 ({RR} 2... Nf6 3. e3 e6 4. c4 Bd6 5. b3 O-O 6. Bb2 c5 7. cxd5 exd5 8. d4 Nc6 9. Nbd2 cxd4 10. Nxd4 Nxd4 11. Bxd4 Qe7 12. Bd3 Be5 13. Nf3 Bxd4 14. Nxd4 Bd7 15. O-O Rac8 16. Qd2 Rc7 17. Rac1 {Nakamura,H (2788)-Bluebaum,M (2658) chess.com INT 2024 ½-½ (115)}) ({RR} 2... Nf6 3. c4 c6 4. Qc2 dxc4 5. Qxc4 Be6 6. Qc2 Bd5 7. d3 Bxf3 8. gxf3 g6 9. b3 Bg7 10. Bb2 Nbd7 11. e3 Qa5+ 12. Nd2 O-O 13. a3 Rfe8 14. f4 e5 15. fxe5 Nxe5 16. Be2 Rad8 17. O-O-O {Nakamura,H (2788)-Fieberg,S (2157) chess.com INT 2024 1-0 (52)}) 3. c4 ({RR} 3. e3 Nf6 4. d4 e6 5. c4 Nc6 6. cxd5 exd5 7. Bb5 cxd4 8. Nxd4 Bd7 9. O-O Bd6 10. Nc3 O-O 11. Nf3 a6 12. Be2 Be6 13. b3 Rc8 14. Bb2 Bb8 15. Ba3 Re8 16. Rc1 Qa5 17. Bb2 Qc7 {Rasulov,V (2505)-Manvelyan,M (2176) chess.com INT 2025 0-1 (67)}) 3... d4 4. e3 $146 ({RR} 4. e4 Nc6 5. d3 e5 6. Nbd2 Bd6 7. a3 Nge7 8. g3 f6 9. Bg2 Be6 10. Rb1 Qd7 11. Nb3 O-O 12. Bd2 a5 13. Nc1 a4 14. g4 Ng6 15. Ne2 Rfb8 16. b4 cxb4 17. axb4 b5 18. c5 Bf8 {Jurmansah,J (2063)-Sen,K (2189) Jakarta 2020 0-1 (38)}) 4... Nc6 5. exd4 cxd4 6. Bd3 e5 7. O-O Bd6 8. Re1 Nge7 9. Be4 O-O 10. d3 f5 11. Bxc6 Nxc6 12. a3 a5 13. Nbd2 Qf6 14. Rb1 Kh8 15. Qe2 Bd7 16. b3 Rae8 17. Bb2 Qg6 18. Nh4 Qh6 19. Nhf3 Re6 20. Nf1 Rg6 21. Kh1 Rff6 22. Bc1 f4 23. N1h2 Rf5 24. Rg1 Rh5 25. b4 axb4 26. axb4 Ne7 27. Ra1 Kg8 28. Ra8+ Kf7 29. b5 Nf5 30. Ba3 Bc7 31. Rf8+ Ke6 32. Qe4 Ne7 33. Nxd4# 1-0

[Event "Titled Tue 19th Mar Early"]
[Site "chess.com INT"]
[Date "2024.03.19"]
[Round "4"]
[White "Carlsen, M."]
[Black "Madaminov, Mukhiddin"]
[Result "1-0"]
[WhiteElo "2830"]
[BlackElo "2512"]
[PlyCount "63"]
[EventDate "2024.03.19"]

1. b4 Nf6 2. Bb2 g6 3. g3 Bg7 4. Bg2 O-O 5. Nf3 d6 6. d4 a5 7. b5 c6 8. a4 cxb5 9. axb5 Nbd7 10. c4 Rb8 $146 ({RR} 10... Qc7 11. Nbd2 Nb6 12. Rc1 a4 13. Ba3 Rd8 14. O-O e5 15. e3 Bf5 16. Re1 Rac8 17. e4 Bg4 18. c5 dxc5 19. dxc5 Nbd7 20. Qxa4 Ra8 21. Qb3 Qa5 22. Bb2 Be6 23. Nc4 Qa2 24. Qxa2 Rxa2 25. Bxe5 {Wagh,S (2246)-Koellner,R (2412) Chess.com INT 2021 1-0 (40)}) 11. O-O b6 12. d5 Bb7 13. Nd4 Ne5 14. Qc2 Qc7 15. Nc6 Rbe8 16. Bxe5 dxe5 17. Nc3 Nd7 18. Rfd1 Kh8 19. Na4 e4 20. Rac1 f5 21. Nxe7 Qd6 22. Nc6 Qa3 23. e3 h5 24. c5 Nxc5 25. Nxc5 bxc5 26. Qxc5 Qxc5 27. Rxc5 a4 28. d6 a3 29. d7 a2 30. dxe8=Q Rxe8 31. Nd4 Ra8 32. Ra1 1-0

[Event "Titled Tue 19th Mar Early"]
[Site "chess.com INT"]
[Date "2024.03.19"]
[Round "9"]
[White "Carlsen, M."]
[Black "Giri, A."]
[Result "1-0"]
[WhiteElo "2830"]
[BlackElo "2762"]
[PlyCount "89"]
[EventDate "2024.03.19"]

1. g3 d5 2. d4 Nf6 3. Nf3 g6 4. Bg2 Bg7 5. O-O O-O 6. b3 c5 7. Bb2 cxd4 8. Nxd4 e5 9. Nf3 e4 10. Nd4 Re8 ({RR} 10... Nc6 11. c4 dxc4 12. bxc4 Qb6 13. Nb3 Rd8 14. Qc1 Bg4 15. Nc3 a5 16. Nxe4 Nxe4 17. Bxg7 Nxf2 18. c5 Qb5 19. Bf6 Rd1 20. Qh6 Rxf1+ 21. Rxf1 {1-0 (21) Cori T.,D (2389)-Tang,Z (2260) chess.com INT 2024}) 11. e3 h5 $146 ({RR} 11... Ng4 12. c4 dxc4 13. Nd2 cxb3 14. Nxe4 bxa2 15. Rxa2 Ne5 16. Qa1 Nc4 17. Bc3 Nd7 18. Nb5 Nde5 19. Rxa7 Rxa7 20. Qxa7 Bg4 21. Nd4 Qc8 22. Bb4 Bh3 23. Bxh3 Qxh3 24. Qxb7 h6 25. Nd6 Ng4 26. Qg2 {Bowden,K (2340)-Hebden,M (2440) Southampton 1986 ½-½}) 12. c4 dxc4 13. bxc4 Nc6 14. Nxc6 bxc6 15. Qxd8 Rxd8 16. Bd4 Bf5 17. Nc3 Re8 18. Rfd1 a5 19. Rab1 Rac8 20. h3 Nd7 21. Rb7 Bxd4 22. exd4 Nf6 23. Ra7 e3 24. Rxa5 Rb8 25. Re5 exf2+ 26. Kxf2 Rxe5 27. dxe5 Rb2+ 28. Kg1 Nd7 29. Re1 Rc2 30. Ne4 Bxe4 31. Rxe4 Rxa2 32. e6 fxe6 33. Rxe6 Kf7 34. Rxc6 Ra1+ 35. Kh2 Ra2 36. Kg1 Ra1+ 37. Bf1 Ne5 38. Rc7+ Ke6 39. Kf2 Ra2+ 40. Be2 Kf5 41. Ke3 Ra3+ 42. Kd4 Rxg3 43. Rc5 Rxh3 44. Rxe5+ Kf6 45. c5 1-0

[Event "Titled Tue 19th Mar Late"]
[Site "chess.com INT"]
[Date "2024.03.19"]
[Round "8"]
[White "Aravindh, Chithambaram VR."]
[Black "Tregubov, P."]
[Result "1-0"]
[WhiteElo "2662"]
[BlackElo "2562"]
[PlyCount "71"]
[EventDate "2024.03.19"]

1. g3 d5 2. Bg2 Nf6 3. Nf3 Bf5 4. O-O e6 5. c4 Nc6 ({RR} 5... Be7 6. Qb3 Na6 7. cxd5 exd5 8. d3 O-O 9. Nd4 Bd7 10. Nf3 Nc5 11. Qc2 Ne6 12. e4 Bb5 13. Rd1 Ba6 14. Nc3 c6 15. a3 Rc8 16. b4 d4 17. Na4 c5 18. bxc5 Bxc5 19. Qb3 Be7 20. e5 {Grigoryan,K (2604)-Jussupow,A (2583) Warsaw 2013 0-1 (33)}) 6. cxd5 exd5 7. d4 ({RR} 7. d3 h6 8. a3 Be7 9. b4 a6 10. Bb2 O-O 11. Nbd2 Bh7 12. Re1 a5 13. b5 Na7 14. Qb3 c6 15. bxc6 bxc6 16. Rac1 Rb8 17. Qa2 Nd7 18. Bh3 a4 19. Bd4 Nb5 20. Nb1 c5 21. Bxd7 Nxd4 {Pychova,N (2174)-Kulovana,E (2208) Prague 2019 ½-½ (59)}) 7... Bd6 $146 ({RR} 7... Be7 8. Nc3 Ne4 9. Qb3 Nxc3 10. bxc3 Na5 11. Qa4+ c6 12. Nd2 O-O 13. Ba3 Re8 14. Rfe1 Bxa3 15. Qxa3 b6 16. e4 dxe4 17. Nxe4 Re6 18. Nd2 Qe8 19. Nf3 Rd8 20. Rxe6 Bxe6 21. Re1 Qf8 22. Qa4 {Beckemeier,W (2390)-Mueller,O (2345) Germany 1992 0-1 (70)}) 8. Nc3 O-O 9. Bg5 Be6 10. Rc1 h6 11. Bxf6 Qxf6 12. Nb5 Rfd8 13. Qb3 Na5 14. Qc3 b6 15. Ne5 a6 16. Nxd6 cxd6 17. Nd3 Rac8 18. Qb4 Nc4 19. b3 a5 20. Qe1 Na3 21. e3 Bf5 22. Nf4 Be4 23. Nxd5 Bxd5 24. Bxd5 Qf5 25. Bg2 Nc2 26. Qd2 Nb4 27. a3 Na6 28. Rxc8 Qxc8 29. Rc1 Qd7 30. h4 Nc7 31. Qc2 Nb5 32. Bc6 Nxa3 33. Qb2 Qg4 34. Qxa3 Rc8 35. Bg2 Qe2 36. Rxc8+ 1-0

[Event "Titled Tue 26th Mar Early"]
[Site "chess.com INT"]
[Date "2024.03.26"]
[Round "7"]
[White "Firouzja, Alireza"]
[Black "Ibarra Jerez, JC."]
[Result "1-0"]
[WhiteElo "2760"]
[BlackElo "2559"]
[PlyCount "59"]
[EventDate "2024.03.26"]

1. e4 c5 2. Nf3 e6 3. g3 Nc6 4. Bg2 Nf6 5. d3 d5 6. Qe2 ({RR} 6. exd5 Nxd5 7. O-O g6 8. Re1 Bg7 9. Nbd2 O-O 10. Ne4 b6 11. c4 Ndb4 12. Re3 Bh6 13. Re2 Bxc1 14. Rxc1 Nxa2 15. Ra1 Nab4 16. h4 h6 17. Qd2 Kg7 18. Qc3+ f6 19. Ne1 Nd4 20. Rd2 Nbc6 {Asish Panda (1884)-Ibarra Jerez,J (2559) chess.com INT 2024 0-1 (48)}) 6... g6 ({RR} 6... b5 7. exd5 Nxd5 8. a4 b4 9. Nbd2 Be7 10. O-O Ba6 11. Nc4 O-O 12. Re1 Bf6 13. Nfd2 Nd4 14. Qd1 b3 15. cxb3 Nb4 16. Ne4 Be7 17. Rb1 f5 18. Nc3 Rb8 19. Bf4 Rb7 20. Be5 Rd7 21. Bxd4 {Hasangatin,R (2444)-Luukkonen,T (2269) chess.com INT 2025 1-0 (60)}) 7. O-O ({RR} 7. e5 Nd7 8. c4 Bg7 9. Bf4 Qa5+ 10. Nbd2 dxc4 11. dxc4 h6 12. h4 Nd4 13. Nxd4 cxd4 14. O-O Bxe5 15. Nb3 Qc7 16. Bxe5 Qxe5 17. Qd2 Qd6 18. Rfe1 Kf8 19. Nxd4 e5 20. Nb3 Qxd2 21. Nxd2 a5 {Adams,M (2754)-Svidler,P (2758) London 2013 1-0 (42)}) 7... Bg7 8. c3 $146 ({RR} 8. Re1 O-O 9. c3 c4 10. dxc4 Nxe4 11. Nbd2 f5 12. Nb3 g5 13. h4 g4 14. Ng5 h6 15. Nxe4 dxe4 16. Bf4 Ne5 17. Bxe5 Bxe5 18. Rad1 Qc7 19. Nd4 Bg7 20. Nb5 Qe7 21. Bf1 Bd7 22. Qe3 b6 {Zakharov,A (2156)-Ponkratov,P (2595) Sochi RUS 2023 0-1 (48)}) 8... O-O 9. e5 Ng4 10. d4 cxd4 11. cxd4 f6 12. h3 Ngxe5 13. dxe5 fxe5 14. Nc3 Nd4 15. Nxd4 exd4 16. Na4 b6 17. Bf4 Bd7 18. b3 Rf5 19. Nb2 Qe8 20. Rfe1 Rc8 21. h4 Rc3 22. Rad1 Qc8 23. Nd3 Bb5 24. Bh3 e5 25. Bxe5 Bxd3 26. Rxd3 Rxe5 27. Qxe5 Bxe5 28. Bxc8 Rxd3 29. Rxe5 Rc3 30. Ba6 1-0

[Event "Titled Tue 26th Mar Late"]
[Site "chess.com INT"]
[Date "2024.03.26"]
[Round "6"]
[White "Henriquez Villagra, C."]
[Black "Mitrabha, G."]
[Result "1-0"]
[WhiteElo "2588"]
[BlackElo "2526"]
[PlyCount "103"]
[EventDate "2024.03.26"]

1. g3 d5 2. Bg2 c6 3. d3 e5 4. Nd2 Bd6 5. Ngf3 Nf6 6. O-O O-O 7. e4 Bg4 8. h3 Bh5 9. Qe1 Nbd7 10. Nh4 Re8 11. Nf5 ({RR} 11. a4 a5 12. Nf5 Bb4 13. Kh2 dxe4 14. dxe4 Nc5 15. Qe3 Bxd2 16. Bxd2 Ncxe4 17. Bc1 Nd6 18. Nxg7 Kxg7 19. Qh6+ Kh8 20. Bg5 Bg6 21. Rad1 Re6 22. f4 exf4 23. Rxf4 Qe7 24. Rxf6 Rxf6 25. Rf1 Ne8 {Karjakin,S (2760)-Movsesian,S (2721) Moscow 2010 0-1 (37)}) ({RR} 11. Bf3 Bxf3 12. Nhxf3 a5 13. a4 Nc5 14. b3 Qd7 15. Kg2 b5 16. axb5 cxb5 17. exd5 Nxd5 18. Bb2 Nb4 19. Qd1 f5 20. d4 exd4 21. Bxd4 Ne4 22. Nxe4 fxe4 23. Ne1 Qc6 24. Kg1 Nd5 25. Ng2 Bb4 {Masague Artero,G (2334)-Alcala Gonzalez,C (2283) Barcelona ESP 2024 1-0 (43)}) 11... Bc7 12. Nb3 a5 $146 ({RR} 12... Bg6 13. Nh4 Bb6 14. Bd2 Qc7 15. a4 a5 16. Be3 Nf8 17. Kh2 dxe4 18. dxe4 Ne6 19. Nxg6 hxg6 20. Qc3 Bxe3 21. Qxe3 Red8 22. Rfd1 Rd7 23. Rxd7 Nxd7 24. Kg1 Qd6 25. Bf1 Qb4 26. Rd1 Nf6 27. f3 {Buligin,A (2330)-Kuporosov,V (2505) Minsk 1996 0-1 (37)}) 13. a4 Nf8 14. Qc3 Ne6 15. Nc5 Nxc5 16. Qxc5 Bb6 17. Qc3 h6 18. Qb3 Qc7 19. Bd2 Rad8 20. Bc3 Ba7 21. Rae1 dxe4 22. dxe4 Nd7 23. Nh4 Nc5 24. Qc4 Ne6 25. Bf3 Bxf3 26. Nxf3 Nd4 27. Bxd4 exd4 28. Kg2 Re7 29. Re2 Rde8 30. Rfe1 Qb6 31. b3 Qd8 32. Qd3 Bc5 33. Nh4 Bb4 34. Rd1 Rd7 35. e5 Rd5 36. f4 Bc3 37. Nf3 Qe7 38. Qe4 Red8 39. Rd3 b5 40. g4 bxa4 41. bxa4 Qb4 42. g5 Qe7 43. Kh2 h5 44. g6 f6 45. Qf5 fxe5 46. Qxh5 Qf6 47. fxe5 Qf4+ 48. Kg2 Kf8 49. Ng5 Ke7 50. Rf3 Rxe5 51. Rxf4 Rxe2+ 52. Qxe2+ 1-0

[Event "Titled Tue 30th Apr Early"]
[Site "chess.com INT"]
[Date "2024.04.30"]
[Round "4"]
[White "Aravindh, Chithambaram VR."]
[Black "Aronian, L."]
[Result "1-0"]
[WhiteElo "2662"]
[BlackElo "2729"]
[PlyCount "141"]
[EventDate "2024.04.30"]

1. b3 d5 2. Bb2 Nf6 3. Nf3 Bf5 4. e3 c5 5. d4 e6 6. Bd3 Bxd3 7. Qxd3 Nc6 8. O-O $146 ({RR} 8. a3 Qc7 9. Nbd2 cxd4 10. exd4 Bd6 11. h3 a6 12. O-O Rc8 13. Rac1 O-O 14. c4 h6 {½-½ (14) Bartok,Z (1924)-Varga,T (2043) Hungary 2016}) 8... Rc8 9. c4 cxd4 10. exd4 dxc4 11. bxc4 Be7 12. Nbd2 O-O 13. Rac1 Qa5 14. a3 Rfd8 15. Rfe1 Qh5 16. h3 b6 17. Re3 Bf8 18. Qe2 Na5 19. Re1 Bd6 20. Rc3 Bf4 21. Ne4 Nxe4 22. Qxe4 Qf5 23. Qxf5 exf5 24. g3 Bb8 25. Rec1 g6 26. R3c2 f6 27. d5 Kf7 28. Kg2 Nb3 29. Rd1 Rd7 30. Rc3 Nc5 31. Rc2 Nb3 32. Rc3 Nc5 33. Rc2 Ne4 34. Nd4 Be5 35. Nc6 Bxb2 36. Rxb2 Nd6 37. Rc2 Rcc7 38. Re1 Nc8 39. Rce2 Nd6 40. Rc2 Nc8 41. a4 Ne7 42. Nxe7 Rxe7 43. d6 Rxe1 44. dxc7 Re8 45. c5 Rc8 46. cxb6 axb6 47. Rc6 Ke7 48. Kf3 Kd7 49. Rxb6 Rxc7 50. Rxf6 Ke7 51. Ra6 Rc4 52. Ra7+ Kf6 53. h4 Rc3+ 54. Kg2 Ra3 55. Ra6+ Ke5 56. a5 f4 57. g4 Ke4 58. Re6+ Kd5 59. Re7 Rxa5 60. Rxh7 Ke5 61. Rf7 Ra3 62. Rf8 Rb3 63. Rg8 Kf6 64. Rf8+ Ke5 65. Rf7 Ra3 66. Rb7 Rc3 67. Rb6 g5 68. Rb5+ Ke4 69. hxg5 f3+ 70. Kg3 Rc1 71. Rb4+ 1-0

[Event "Titled Tue 30th Apr Early"]
[Site "chess.com INT"]
[Date "2024.04.30"]
[Round "7"]
[White "Tabatabaei, M."]
[Black "Bortnyk, Olexandr"]
[Result "1-0"]
[WhiteElo "2707"]
[BlackElo "2608"]
[PlyCount "81"]
[EventDate "2024.04.30"]

1. Nf3 Nf6 2. c4 b6 3. b3 Bb7 4. Bb2 g6 5. e3 Bg7 6. d4 O-O 7. Be2 ({RR} 7. Bd3 d6 8. Qc2 Nbd7 9. Nbd2 e5 10. dxe5 dxe5 11. Nxe5 Nxe5 12. Bxe5 Qe7 13. Bb2 Bxg2 14. Rg1 Bb7 15. O-O-O a5 16. a3 Rad8 17. c5 Rd5 18. b4 axb4 19. axb4 bxc5 20. b5 Rh5 21. Nb3 Bf3 {Brown,M (2524)-Mamedyarov,S (2817) Chess.com INT 2019 0-1 (44)}) 7... e6 8. O-O d5 9. cxd5 $146 ({RR} 9. Nbd2 Nbd7 10. Rc1 Rc8 11. b4 Ne4 12. c5 Nxd2 13. Qxd2 c6 14. a4 Qc7 15. Rc2 f5 16. Rfc1 bxc5 17. bxc5 Rce8 18. Rb1 f4 19. exf4 Rxf4 20. Bc3 Rff8 21. Qe3 e5 22. Nxe5 Nxe5 23. dxe5 Bxe5 {Krysztofiak,M (2384)-Bartel,M (2604) Warsaw 2018 0-1 (48)}) 9... exd5 10. b4 Ne4 11. b5 a6 12. a4 c6 13. bxc6 Nxc6 14. Nbd2 Rc8 15. Ba3 Re8 16. Nxe4 dxe4 17. Nd2 a5 18. Rb1 Bf8 19. Bxf8 Rxf8 20. Qb3 Nb4 21. Rfc1 Qf6 22. h3 Kg7 23. Bb5 Bd5 24. Qb2 h5 25. Rxc8 Rxc8 26. Rc1 Qd8 27. Rc3 Na2 28. Rc2 Nb4 29. Rc3 Rc7 30. Bc4 Qc8 31. Qb3 f5 32. h4 Rc6 33. g3 Qc7 34. Kf1 Kh7 35. Ke2 Nd3 36. Qb5 Nb4 37. Kf1 Be6 38. Bxe6 Rxc3 39. Qe8 Qg7 40. Nc4 b5 41. Nd6 1-0

[Event "Titled Tue 30th Apr Early"]
[Site "chess.com INT"]
[Date "2024.04.30"]
[Round "9"]
[White "Aravindh, Chithambaram VR."]
[Black "Hong, Andrew"]
[Result "1-0"]
[WhiteElo "2662"]
[BlackElo "2542"]
[PlyCount "75"]
[EventDate "2024.04.30"]

1. b3 d5 2. Bb2 Bg4 3. Nf3 Bxf3 4. exf3 e6 5. d4 Nf6 6. Nd2 Nbd7 7. f4 g6 8. Bd3 Bg7 9. O-O O-O 10. Nf3 c5 11. dxc5 Nxc5 12. g3 $146 ({RR} 12. Ne5 Rc8 13. g3 Nfd7 14. Re1 Nxe5 15. Bxe5 Qb6 16. Bxg7 Kxg7 17. Rc1 Qa5 18. Bf1 Qc3 19. Re3 Qf6 20. c4 Rfd8 21. cxd5 Rxd5 22. Qe1 Rcd8 23. Qc3 b6 24. h4 Rd4 25. Bg2 Nd3 26. Rd1 Nc5 {Chyzy,J (2257)-Starozhilov,L (2323) Chess.com INT 2021 1-0 (84)}) 12... Rc8 13. Rc1 Qa5 14. a3 Qb6 15. Ne5 Rc7 16. Bd4 Qd6 17. c4 Nxd3 18. Nxd3 Ne4 19. Be5 Bxe5 20. fxe5 Qb6 21. cxd5 Rxc1 22. Qxc1 exd5 23. b4 Qd4 24. Qc2 Ng5 25. Kg2 Qg4 26. f3 Qh3+ 27. Kg1 Rc8 28. Qd2 Qf5 29. Kg2 d4 30. g4 Nxf3 31. Rxf3 Qxg4+ 32. Rg3 Qe4+ 33. Kg1 Rc3 34. Qf4 Qe2 35. Rf3 Qa2 36. Nf2 Qxa3 37. Qxf7+ Kh8 38. Qf8# 1-0

[Event "Titled Tue 30th Apr Late"]
[Site "chess.com INT"]
[Date "2024.04.30"]
[Round "10"]
[White "Duda, J."]
[Black "Goryachkina, A."]
[Result "1-0"]
[WhiteElo "2731"]
[BlackElo "2553"]
[PlyCount "59"]
[EventDate "2024.04.30"]

1. b3 d5 2. Bb2 Bf5 3. Nf3 e6 4. g3 Nf6 5. d3 ({RR} 5. Nh4 Be4 6. f3 Bg6 7. Bg2 c5 8. Nxg6 hxg6 9. e4 Nc6 10. e5 Nd7 11. f4 g5 12. f5 Ndxe5 13. fxe6 fxe6 14. Qe2 Bd6 15. Na3 a6 16. O-O-O Nd4 17. Qe1 Qe7 18. Nb1 O-O-O 19. Nc3 Kb8 {Grischuk,A (2772)-Ding,L (2777) Huaian 2017 1-0 (44)}) 5... h6 6. Nbd2 c6 ({RR} 6... c5 7. e3 Nc6 8. Bg2 Be7 9. O-O O-O 10. Qe2 Bh7 11. a3 Qc7 12. Rfe1 Rfd8 13. Rad1 Rac8 14. e4 dxe4 15. Nxe4 Nd4 16. Bxd4 cxd4 17. Nxf6+ Bxf6 18. Rc1 Be7 19. Ne5 Bxa3 20. Ra1 Bc5 21. Ra4 {Garcia Cuenca,V (2264)-Yurovskykh,O (2328) chess.com INT 2025 0-1 (51)}) 7. h3 $146 ({RR} 7. Bg2 Be7 8. e4 dxe4 9. dxe4 Bh7 10. Qe2 Nbd7 11. O-O O-O 12. Nd4 Qc7 13. Kh1 Bc5 14. Rad1 Rad8 15. Nc4 b5 16. e5 Nd5 17. Nd6 b4 18. Nc4 N7b6 19. f4 Bxd4 20. Bxd4 c5 21. Nxb6 axb6 {Sibashvili,G (2408)-Yeganegi,B (2205) Dubai UAE 2023 ½-½}) 7... Nbd7 8. Bg2 Bc5 9. a3 a5 10. e3 Bh7 11. Qe2 Qe7 12. O-O O-O 13. Kh1 e5 14. e4 dxe4 15. dxe4 Rfe8 16. a4 Bb4 17. Rad1 Rad8 18. Rfe1 Bg6 19. c3 Bd6 20. Nc4 Bc7 21. Nh4 Bh7 22. Ba3 Qe6 23. Bd6 Bxd6 24. Nxd6 Qxb3 25. Nxe8 Rxe8 26. Rb1 Qxa4 27. Rxb7 Nc5 28. Ra7 Ncxe4 29. Kg1 Nxc3 30. Qxe5 1-0

[Event "World Rapid 2023"]
[Site "Samarkand UZB"]
[Date "2023.12.28"]
[Round "10.18"]
[White "Rapport, R."]
[Black "Pichot, A."]
[Result "1-0"]
[WhiteElo "2731"]
[BlackElo "2651"]
[PlyCount "163"]
[EventDate "2023.12.26"]
[EventType "rapid"]

1. g3 Nf6 2. Bg2 d5 3. Nf3 c5 4. O-O e6 5. d3 Nc6 6. a4 Be7 ({RR} 6... h6 7. e4 Be7 8. Na3 O-O 9. Qe2 a6 10. Bf4 Bd7 11. h4 Nd4 12. Nxd4 cxd4 13. exd5 exd5 14. Be5 Re8 15. Qf3 Bxa4 16. Bxd4 Bc6 17. c3 Nd7 18. Nc2 Nc5 19. Bxc5 Bxc5 20. d4 Bf8 21. Ne3 {Shoker,S (2446)-Pichot,A (2617) Temuco CHI 2025 1-0 (57)}) 7. Na3 $146 ({RR} 7. Nbd2 O-O 8. Ne1 b6 9. e4 Bb7 10. f4 d4 11. Nc4 Qc7 12. g4 Kh8 13. g5 Nd7 14. f5 e5 15. Qg4 f6 16. g6 Rfe8 17. Rf3 Bf8 18. Rg3 Re7 19. Qh5 h6 20. Nf3 a6 21. Nh4 Kg8 {Davison,C (1870)-Hughes,P (1733) Coventry 2015 1-0 (33)}) ({RR} 7. Bf4 h6 8. e4 O-O 9. e5 Nh7 10. Re1 b6 11. h4 Bb7 12. Nbd2 a6 13. Nf1 b5 14. N1h2 Re8 15. Ng4 Bf8 16. Qd2 Ne7 17. d4 Qc8 18. c3 Nf5 19. Ne3 Ne7 20. Bf1 c4 21. Be2 Bc6 {Andreikin,D (2729)-Anton Guijarro,D (2675) Almaty KAZ 2022 ½-½ (120)}) ({RR} 7. Bf4 O-O 8. e4 dxe4 9. dxe4 Qxd1 10. Rxd1 Nxe4 11. Ne5 Nxe5 12. Bxe5 Nf6 13. Nc3 a5 14. Nb5 Ra6 15. Ra3 Ne8 16. Rc3 f6 17. Bf4 g5 18. Be3 b6 19. Rcd3 Ng7 20. Rd7 Bxd7 21. Rxd7 Nf5 {Kiolbasa,O (2360)-Jarocka,L (2231) Rhodes GRE 2025 1-0}) 7... O-O 8. Bf4 b6 9. e4 Bb7 10. e5 Nd7 11. Re1 a6 12. h4 b5 13. axb5 axb5 14. Nxb5 Qb6 15. Nc3 Qxb2 16. Nxd5 Rxa1 17. Qxa1 Qxa1 18. Nxe7+ Nxe7 19. Rxa1 Ra8 20. Rxa8+ Bxa8 21. h5 Bd5 22. c4 Bc6 23. g4 h6 24. Kh2 Kf8 25. Kg3 Ke8 26. Bh3 Ba4 27. d4 Bc2 28. Bf1 Be4 29. Nd2 Bc2 30. dxc5 Nc6 31. Be3 Ndxe5 32. f4 Nd3 33. Ne4 Ndb4 34. Nd6+ Ke7 35. Bg2 Bd3 36. Bd2 f6 37. g5 Be2 38. Kh4 Kd7 39. gxh6 gxh6 40. f5 exf5 41. Bxh6 Nd3 42. Nxf5 Nde5 43. Bf4 Bxc4 44. h6 Ke6 45. Bh3 Bd3 46. Nd6+ Kd5 47. Be3 Ne7 48. Kg3 Ng8 49. Bg2+ Ke6 50. Ne4 Nxh6 51. Bxh6 Kd5 52. Nxf6+ Kxc5 53. Bf8+ Kd4 54. Bg7 Kc5 55. Kf4 Ng6+ 56. Ke3 Nh4 57. Bf8+ Kc4 58. Bd5+ Kc3 59. Ne4+ Kc2 60. Nc5 Bh7 61. Kf2 Kc3 62. Bg7+ Kb4 63. Ne4 Nf5 64. Bf8+ Kb5 65. Bf7 Kc6 66. Ng5 Nd6 67. Bxd6 Bf5 68. Bf4 Kc5 69. Ke3 Kc6 70. Kd4 Bg4 71. Bd5+ Kb5 72. Bd6 Kb6 73. Nf7 Bd7 74. Ne5 Bf5 75. Nc4+ Kb5 76. Bc5 Bg6 77. Nd6+ Ka5 78. Bc6 Ka6 79. Kc3 Ka5 80. Nc4+ Ka6 81. Kb4 Bh7 82. Nd6 1-0

[Event "World Blitz 2023"]
[Site "Samarkand UZB"]
[Date "2023.12.30"]
[Round "16.65"]
[White "Khismatullin, D."]
[Black "Suleymenov, Alisher"]
[Result "1-0"]
[WhiteElo "2579"]
[BlackElo "2513"]
[PlyCount "74"]
[EventDate "2023.12.29"]
[EventType "blitz"]

1. b3 d5 2. Bb2 c5 3. e3 Nf6 4. Nf3 Nc6 5. Bb5 Bd7 6. O-O e6 7. c4 a6 8. Bxc6 Bxc6 9. Ne5 Rc8 10. d3 Be7 11. Nd2 O-O 12. Qe2 Be8 13. f4 Nd7 14. Nxd7 Qxd7 15. e4 d4 $146 ({RR} 15... f6 16. Rae1 dxe4 17. dxe4 Rd8 18. Nb1 b5 19. Nc3 Qd2 20. Qxd2 Rxd2 21. Rf2 Rd3 22. f5 b4 23. Nd1 Bc6 24. Rfe2 Rfd8 25. Nf2 Rd2 26. Bc1 Rxe2 27. Rxe2 Kf7 28. Be3 h5 29. g3 a5 30. h3 {Liu,Y (2474)-Balogh,C (2625) China 2018 0-1 (54)}) 16. e5 b5 17. Rae1 Qb7 18. Bc1 Bc6 19. Qg4 Kh8 20. Ne4 bxc4 21. bxc4 Qb1 22. Qh3 Qxa2 23. f5 exf5 24. Qxf5 Rb8 25. Rf2 Qb1 26. Nd6 Bxd6 27. exd6 Rbe8 28. Ref1 Qb7 29. Qxc5 f6 30. Qxd4 a5 31. h3 a4 32. Ba3 Qd7 33. Bb2 Re6 34. c5 Rfe8 35. Kh2 Kg8 36. Qc4 Kh8 37. Bc3 Re2 1-0

[Event "World Blitz 2023"]
[Site "Samarkand UZB"]
[Date "2023.12.30"]
[Round "18.15"]
[White "Petrosian, TL."]
[Black "Salem, AR."]
[Result "1-0"]
[WhiteElo "2561"]
[BlackElo "2639"]
[PlyCount "110"]
[EventDate "2023.12.29"]
[EventType "blitz"]

1. b3 {Horn,Peter} d5 2. Bb2 c5 3. e3 Nf6 4. Nf3 Nc6 5. Be2 ({RR} 5. Bb5) 5... d4 ({RR} 5... g6 6. c4 dxc4 7. bxc4 Bg7 8. O-O O-O 9. d3 b6 10. Nc3 {½-½ (10) Hickl,J (2500)-Brestian,E (2470) Bern 1990 CBM 017 [Horn,Peter]} {RR} Bb7 11. a3 Qd7 12. Qc2 Ne8 13. Rad1 Nc7) 6. Bb5 ({RR} 6. O-O e5 7. Bb5 Bd6 8. exd4 exd4 9. Re1+ Kf8 10. Bxc6 bxc6 11. d3 h5 12. Nbd2 h4 13. h3 Rh6 14. Nc4 Bc7 15. a4 Qd5 16. Bc1 Rh5 17. Qe2 Be6 18. Nfe5 Re8 19. f4 Rf5 20. Qf2 g5 {Sadovsky,A (2276)-Gavrilescu,D (2523) chess.com INT 2024 1-0 (84)}) 6... Bd7 $146 ({RR} 6... dxe3 7. fxe3 Bd7 8. Nc3 a6 9. Bxc6 Bxc6 10. O-O Qc7 11. Ne2 Ng4 12. Nf4 O-O-O 13. Qe1 e5 14. Qg3 Nxh2 15. Qxh2 exf4 16. Be5 Bd6 17. Qxf4 f6 18. Bxd6 Rxd6 19. d3 g5 20. Qc4 Bd5 21. Qg4+ {Palmieri,D (1746)-Palma Neira,E (1956) Montevideo 2018 0-1 (34)}) 7. O-O Qb6 8. Bxc6 Bxc6 9. exd4 Bxf3 10. Qxf3 cxd4 11. Na3 Rd8 12. Nc4 Qc7 13. c3 d3 14. Rae1 h5 15. Ne5 e6 16. Nxd3 Ng4 17. g3 Qc6 18. Qxc6+ bxc6 19. Nb4 c5 20. Nc6 Rxd2 21. Rd1 Rd6 22. Rxd6 Bxd6 23. Nxa7 h4 24. Nb5 Be5 25. h3 Nf6 26. g4 Nd5 27. c4 Bxb2 28. cxd5 exd5 29. Nc7+ Kd7 30. Nxd5 Re8 31. Ne3 g6 32. Rd1+ Kc6 33. Kg2 Bd4 34. Kf3 Ra8 35. Rd2 Bc3 36. Rc2 Bd4 37. Ng2 Kb5 38. Nf4 Rd8 39. Nd3 Re8 40. a4+ Kb6 41. Rc4 Rd8 42. b4 cxb4 43. Nxb4 Bc5 44. Nc2 Rd3+ 45. Ne3 Ra3 46. Rf4 Kc6 47. Rxf7 Bd4 48. Re7 Kd6 49. Re4 Bc5 50. g5 Ra2 51. Rxh4 Ke6 52. Rf4 Be7 53. h4 Ra1 54. Re4+ Kd6 55. Nc4+ Kd5 1-0